1030 1273 1798 1503 1409 1719 1739 1471 1715 1397 1826 1498 1822 1756 1343 1423 1343 1117 1372 1968 1649 1036 1659 1975 1990 1197 1243 1401 1547 1444 1545 1264 1562 1029 1002 1715 1682 1039 1257 1715 1385 1061 1608 1694 1619 1045 1004 1051 1691 1502 1076 1344 1967 1099 1397 1472 1726 1411 1996 1488 1243 1778 1842 1815 1910 1226 1533 1744 1954 1725 1657 1134 1730 1716 1651 1340 1736 1141 1947 1111 1273 1842 1908 1306 1428 1213 1226 1466 1894 1681 1385 1438 1138 1699 1536 1941 1147 1616 1367 BCNSPRNW ULIB Ver.6.0+V

เปลี่ยนเป็นภาษาไทย

Change to English
 แสดงรายละเอียดบรรณานุกรม
  กลับหน้าหลัก

Brief Record : Get Marc (ISO 2709) : E-mail record : QR code < ปิดหน้าต่าง
LEADER : 00000nam 2200000uu 4500
001    13399128904
003     ULIB
008    241028s2022||||th 000 0 tha d
020 ^- ^a9781975173678
060 ^- ^aWY18.2^bM478A
100 ^- ^aMcCauley, Paula
245 ^- ^aAdult-gerontology acute care nurse practitioner :a case-based approach/^cPaula McCauley, Angela Starkweather
260 ^- ^aPhiladelphia :^bWolters Kluwer,^c2022.
300 ^- ^a367p.col.ill.
650 ^- ^aCritical Care Nursing
650 ^- ^aNurse
650 ^- ^aEvidence-Based Nursing
650 ^- ^aGeriatric nursing.
700 ^- ^aMcCauley, Paula
945    ^p2337^l0^i011151
999    ^aประนอม เกษจรัล
รายการนี้ยังไม่มีแท็ก
คุณยังไม่ได้ล็อกอิน คุณสามารถมีกิจกรรมร่วมกับเว็บไซต์ได้ แต่ต้องล็อกอินก่อน ::
  ล็อกอิน

รายการสื่อสารสนเทศ

ลำดับที่ ประเภท เลขเรียก/บาร์โค้ด สถานที่ สถานะ
1. Book การพยาบาล
หนังสือสำรอง
สถานะ=หนังสือสำรอง
WY18.2 M478A ฉ.1 
  Barcode: 011151
ห้องสมุดวิทยาเขตสวรรค์ประชารักษ์
►หนังสือทั่วไป
บนชั้น

รายการใกล้เคียง
    หัวเรื่อง [Critical Care Nursing]
    หัวเรื่อง [Nurse]
    หัวเรื่อง [Evidence-Based Nursing]
    หัวเรื่อง [Geriatric nursing.]

BibComment


ยังไม่เคยถูกคอมเมนท์

คอมเมนท์ทรัพยากรรายการนี้
  คอมเมนท์: Adultgerontology..


 Copyright 2026. Bcnsprnw @Library